Festival horských filmov už od zajtra

Bibliographic Details
Format: Article
Language:Slovak
Subjects:

MARC

LEADER 00000cab a2200000 ar4500
001 vtls008426055
003 SK-MaSNL
005 20260303065933.0
008 060125c2005 xo wr|p|||||||000 b|slo
038 |a PPPK 
040 |a PPPKCL  |b slo  |c PPPKCL  |e AACR2 
041 |a slo 
044 |a xo  |c SK 
080 |a 791.43.091.4  |2 1997 
080 |a 796.524:791.43.091.4  |2 1997 
080 |a 791.43  |2 1997 
245 0 0 |a Festival horských filmov už od zajtra  |c [autor] (mna) 
611 2 7 |a Medzinárodný festival horských filmov  |n (13. :  |d 2005 :  |c Poprad, Slovensko)  |2 pppkcl  |9 1066664 
650 0 7 |a horské filmy  |2 pppkcl  |9 74357 
650 0 7 |a filmové festivaly a prehliadky  |2 pppkcl  |9 3405 
651 7 |a Poprad (Slovensko)  |2 pppkcl  |9 20155 
773 0 |t Podtatranské noviny  |g Roč. XLVI, č. 41 (2005), s. 1 
852 |a PPPK  |b KIS3GCP 
999 |c 1753329  |d 1755259